[Event "Genova Province-ch"]
[Site "Genova"]
[Date "2015.01.22"]
[Round "2"]
[White "Serapiglia, Roberto"]
[Black "Falcone, Giancarlo"]
[Result "1-0"]
[WhiteElo "1897"]
[BlackElo "1854"]
[PlyCount "121"]
[EventDate "2015.01.15"]
[EventType "swiss"]
[EventRounds "6"]
[EventCountry "ITA"]
[SourceTitle "EXT 2017"]
[Source "ChessBase"]
[SourceDate "2016.10.25"]
[SourceVersion "1"]
[SourceVersionDate "2016.10.25"]
[SourceQuality "1"]

1. e4 e6 2. d3 d5 3. Nd2 Nf6 4. Ngf3 Bc5 5. e5 Nfd7 6. d4 Bb6 7. Bd3 c5 8. c3 Nc6 9. dxc5 Nxc5 10. Bc2 Qc7 11. Qe2 Nd7 12. Ba4 0-0 13. 0-0 Ndxe5 14. Re1 Ng4 15. Rf1 f6 16. h3 Nge5 17. Re1 Bd7 18. Bc2 Rae8 19. Nf1 Nxf3+ 20. Qxf3 f5 21. Nh2 Nd4 22. Qd1 Nxc2 23. Qxc2 d4 24. c4 e5 25. b4 a6 26. Bb2 Be6 27. c5 Ba7 28. Rac1 Bd5 29. Qd2 Bb8 30. Nf1 Qc6 31. f4 Qh6 32. a3 Bc6 33. Qf2 e4 34. Bxd4 Qxf4 35. Qa2+ Kh8 36. Be3 Qe5 37. g3 Rd8 38. Rcd1 Qf6 39. Rxd8 Rxd8 40. Qf2 Rd3 41. Bc1 Rf3 42. Qd2 h6 43. Bb2 Qe7 44. Qxh6+ Kg8 45. Qh5 Qc7 46. Qg5 Bb5 47. Rd1 Bd3 48. Qg6 Qf7 49. Qg5 Bc7 50. h4 Bxf1 51. Rd6 Bxd6 52. cxd6 Bb5 53. Be5 Rxa3 54. h5 e3 55. h6 e2 56. Kf2 Rb3 57. Bxg7 e1Q+ 58. Kxe1 Rb1+ 59. Kf2 Qa2+ 60. Bb2+ Kf7 61. Qf6+ 1-0